000 00340nam a2200133Ia 4500
008 100328s9999 xx 000 0 und d
082 _b21384
100 _aनवरे ल.दा.-अनु.
245 _aतहान
260 _bहिंदी मराठी
630 _aतहान
730 _aतहान
942 _cBOOK
999 _c515413
_d515410